HB. OF SLEEP MEDICINE (Record no. 14984)

MARC details
000 -LEADER
fixed length control field 00280nam a22001337a 4500
003 - CONTROL NUMBER IDENTIFIER
control field SGT
082 ## - DEWEY DECIMAL CLASSIFICATION NUMBER
Classification number 616.024
Item number H12A
100 ## - MAIN ENTRY--PERSONAL NAME
Personal name AVIDAN, ALON Y.
245 ## - TITLE STATEMENT
Title HB. OF SLEEP MEDICINE
250 ## - EDITION STATEMENT
Edition statement 2ND
260 ## - PUBLICATION, DISTRIBUTION, ETC. (IMPRINT)
Place of publication, distribution, etc INDIA
Name of publisher, distributor, etc WOLTERS
Year of Publication 2012
300 ## - PAGE DESCRIPTION
No. of Pages 490
942 ## - ADDED ENTRY ELEMENTS (KOHA)
Source of classification or shelving scheme Dewey Decimal Classification
Koha item type Books
942 ## - ADDED ENTRY ELEMENTS (KOHA)
-- 1
Holdings
Withdrawn status Lost status Source of classification or shelving scheme Damaged status Not for loan Collection code Home library Current library Shelving location Date acquired Vendor Name SGTU Total Checkouts Full call number Accession No. (Barcode) Date last seen Bill Date Koha item type Date last borrowed
    Dewey Decimal Classification     MEDICAL SGT Medical Library SGT Medical Library Text Book 31/01/2018 ABC SGTU   616.024 H12A FM9843 31/01/2018 31/01/2018 Books  
    Dewey Decimal Classification     MEDICAL SGT Medical Library SGT Medical Library Text Book 31/01/2018 ABC SGTU   616.024 H12A FM9844 31/01/2018 31/01/2018 Books  
    Dewey Decimal Classification     MEDICAL SGT Medical Library SGT Medical Library Text Book 31/01/2018 ABC SGTU 1 616.024 H12A FM9845 19/04/2024 31/01/2018 Books 13/04/2024